000 00436nam a2200181Ia 4500
003 OSt
005 20221114164040.0
008 210210b1863 xxu||||| |||| 00| 0 eng d
040 _cAL
041 _aeng
082 _a550/15
100 _aLYELL (Charles)
_961943
245 _aGeological evidences of the antiquity of man
260 _aLondon
_bJohn Murray
_c1863
690 _aGeology
_961944
906 _a010159
942 _2ddc
_cBK
999 _c137927
_d137927